| 000 | 00541cam a22001217a 4500 | ||
|---|---|---|---|
| 008 | 180718b-- xxu||||| |||| 00| 0 eng d | ||
| 082 | _aV53065x54 In2 | ||
| 245 |
_aPublic electricity supply, all India statistics: general review _cby Central Electricity Authority, Ministry of Power |
||
| 260 |
_aDelhi _bController of Publications _c-- |
||
| 500 | _aLibrary has 1958-59, 1966, 1968, 1970, 1972-1974, 1980, 1984-1987, 1990-1993 | ||
| 650 | _aElectric power - Statistics - India | ||
| 700 | _aIndia. Ministry of Power. Central Electricity Authority | ||
| 999 |
_c481201 _d481201 |
||